Duplo Digitação Rápida A-Z - 15 segundos de sprint - Statistics

Estatísticas Gerais
  • Esse quiz foi jogado 5 069 vezes
  • A pontuação média é 23 de 52
Estatísticas das Respostas
letra % Correto
a
100%
b
93%
c
90%
d
88%
e
87%
f
85%
g
83%
h
82%
i
81%
j
80%
k
79%
l
79%
m
78%
n
76%
o
75%
p
75%
q
73%
r
71%
s
70%
t
68%
u
66%
v
64%
w
58%
x
53%
y
51%
z
49%
A
34%
B
29%
C
26%
D
24%
E
23%
F
21%
G
19%
H
17%
I
16%
J
15%
K
14%
L
13%
M
12%
N
12%
O
11%
P
10%
Q
9%
R
8%
S
7%
T
7%
U
6%
V
6%
W
5%
X
4%
Y
3%
Z
3%
Nenhum quiz correspondente encontrado
Distribuição das Pontuações
Porcentagem de Pessoas com Cada Pontuação
Percentil de Números Respondidos
Sua Pontuação Histórica
Você não jogou esse quiz